Supersymmetry and Equivariant de Rham Theory / (Record no. 12012)
[ view plain ]
| 000 -LEADER | |
|---|---|
| fixed length control field | 01422cam a2200313 a 4500 |
| 001 - CONTROL NUMBER | |
| control field | 4994492 |
| 005 - DATE AND TIME OF LATEST TRANSACTION | |
| control field | 20240818092923.0 |
| 008 - FIXED-LENGTH DATA ELEMENTS--GENERAL INFORMATION | |
| fixed length control field | 990208s1999 nyu b 001 0 eng |
| 010 ## - | |
| -- | 99018482 |
| 020 ## - INTERNATIONAL STANDARD BOOK NUMBER | |
| International Standard Book Number | 354064797X (hardcover : alk. paper) |
| 040 ## - CATALOGING SOURCE | |
| Original cataloging agency | DLC |
| Transcribing agency | DLC |
| Modifying agency | DLC |
| 050 00 - LIBRARY OF CONGRESS CALL NUMBER | |
| Classification number | QA612.3 |
| Item number | .G85 1999 |
| 082 00 - DEWEY DECIMAL CLASSIFICATION NUMBER | |
| Classification number | 514.23 |
| Edition number | 21 |
| Item number | GUI |
| 100 1# - MAIN ENTRY--PERSONAL NAME | |
| Personal name | Guillemin, V., |
| Dates associated with a name | 1937- |
| 9 (RLIN) | 6854 |
| 245 10 - TITLE STATEMENT | |
| Title | Supersymmetry and Equivariant de Rham Theory / |
| Statement of responsibility, etc | Victor W. Guillemin, Shlomo Sternberg. |
| 260 ## - | |
| -- | New York : |
| -- | Springer, |
| -- | c1999. |
| 300 ## - PHYSICAL DESCRIPTION | |
| Extent | xxiii, 228 p. ; |
| Dimensions | 25 cm. |
| 336 ## - CONTENT TYPE | |
| Source | rdacontent |
| Content type term | text |
| Content type code | txt |
| 337 ## - MEDIA TYPE | |
| Media type term | unmediated |
| Source | rdamedia |
| Media type code | n |
| 338 ## - CARRIER TYPE | |
| Carrier type term | volume |
| Carrier type code | nc |
| Source | rdacarrier |
| 504 ## - BIBLIOGRAPHY, ETC. NOTE | |
| Bibliography, etc | Includes bibliographical references (p. [221]-225) and index. |
| 650 #0 - SUBJECT ADDED ENTRY--TOPICAL TERM | |
| Topical term or geographic name as entry element | Homology theory. |
| 9 (RLIN) | 6855 |
| 650 #0 - SUBJECT ADDED ENTRY--TOPICAL TERM | |
| Topical term or geographic name as entry element | Supersymmetry. |
| 9 (RLIN) | 6856 |
| 700 1# - ADDED ENTRY--PERSONAL NAME | |
| Personal name | Sternberg, Shlomo. |
| 9 (RLIN) | 6857 |
| 856 42 - ELECTRONIC LOCATION AND ACCESS | |
| Materials specified | Contributor biographical information |
| Uniform Resource Identifier | <a href="http://www.loc.gov/catdir/enhancements/fy0815/99018482-b.html">http://www.loc.gov/catdir/enhancements/fy0815/99018482-b.html</a> |
| 856 42 - ELECTRONIC LOCATION AND ACCESS | |
| Materials specified | Publisher description |
| Uniform Resource Identifier | <a href="http://www.loc.gov/catdir/enhancements/fy0815/99018482-d.html">http://www.loc.gov/catdir/enhancements/fy0815/99018482-d.html</a> |
| 942 ## - ADDED ENTRY ELEMENTS (KOHA) | |
| Source of classification or shelving scheme | Dewey Decimal Classification |
| Koha item type | Book - Borrowing |
| Classification part | RDA-MOD |
| Withdrawn status | Lost status | Source of classification or shelving scheme | Damaged status | Not for loan | Collection code | Home library | Current library | Shelving location | Date acquired | Source of acquisition | Cost, normal purchase price | Total Checkouts | Full call number | Barcode | Date last seen | Price effective from | Koha item type |
|---|---|---|---|---|---|---|---|---|---|---|---|---|---|---|---|---|---|
| Dewey Decimal Classification | Alef-Baa | Central Library | Central Library | First floor | 24/06/2009 | 150.00 | 514.23 GUI | 000017087 | 15/07/2025 | 24/06/2009 | Book - Borrowing | ||||||
| Dewey Decimal Classification | Alef-Baa | Central Library | Central Library | First floor | 24/06/2009 | 150.00 | 514.23 GUI | 000017088 | 15/07/2025 | 24/06/2009 | Book - Borrowing |